My Dream All Time Formula One Grid - Statistics

General Stats
  • This quiz has been taken 212 times
  • The average score is 17 of 20
Answer Stats
Hint Team Answer % Correct
UK Mercedes Lewis Hamilton
100%
Germany Red Bull Sebasitan Vettel
98%
Australia Red Bull Daniel Ricciardo
97%
Germany Ferrari Michael Schumacher
97%
Brazil Mclaren Ayrton Senna
96%
France Mclaren Alan Prost
94%
Spain Renault Fernando Alonso
92%
Austria Ferrari Niki Lauda
92%
Finland Benetton Kimi Raikkonen
90%
Finland Benetton Mika Hakkinen
88%
UK Williams Nigel Mansell
84%
Australia Brabham Jack Brabham
83%
UK Brabham Graham Hill
82%
Argentina Tyrell Juan Manuel Fangio
82%
Brazil Lotus Emerson Fittipaldi
76%
UK Tyrell Jackie Stewart
75%
UK Lotus Jim Clark
75%
UK Renault Jenson Button
74%
UK Mercedes Sterling Moss
59%
UK Williams John Surtees
41%
No matching quizzes found
Score Distribution
Percent of People with Each Score
Percentile by Number Answered
Your Score History
You have not taken this quiz